000 00777nam a22001577a 4500
003 OSt
005 20151022155517.0
008 151022b xxu||||| |||| 00| 0 eng d
040 _cRUA
082 _aAVM
100 _92693
_aSUM, SAMUTH.
245 _aStudy on effectiveness of ivomec-f of parasites in gastro-intestinal track of cattle in psar commune, boribor district, kampong chhang province, សិក្សាពីប្រសិទ្ធិពាពIVOMEC-F លើវត្តមានបរាសិតក្នុងក្រពះ ពោះវៀនគោ នៅឃុំផ្សារ ស្រុកបរិបូណ៍ ខេត្តកំពង់ឆ្នាំង.
260 _aphnom phen
_bRUA
_c2011
300 _aXIII,50p.
_bill.
_c29cm.
942 _2ddc
_cAVM
999 _c2517
_d2517